000 00938nam a2200253 a 4500
001 000024830
005 20200930023408.0
008 110203s1997 ec r 000 e spa d
020 _a997892146X
040 _aDO-SdBNP
_bspa
_cBNPHU
082 _a341.42
_bN964c
100 1 _aNúñez Sánchez, Jorge
_913245
245 1 0 _aCuestiones limítrofes Ecuador-Peru /
_cJorge Núñez Sánchez; edición Fernando Herrera Baldeón.
260 _aQuito, (Ecuador) :
_bArchivo Histórico de la Casa de la Cultura Ecuatoriana,
_c1997.
300 _a182 p. ;
_c21 cm.
651 4 _aEcuador
_xGeografía Política
_950958
651 4 _aPerú
_xGeografía Política
_950959
650 4 _aGeopolítica
_918428
650 4 _aRelaciones internacionales
_zEcuador
_950960
650 4 _aRelaciones internacionales
_zPerú
_950961
700 1 _aFernando Herrera Baldeón
_eed.
_950962
700 1 _aRodríguez Castelo, Hernán,
_epról.
_94689
049 _aBNGR
999 _c24323
_d24323